Why didn't I learn this in school?: (Record no. 49594)
| 000 -LEADER | |
|---|---|
| fixed length control field | 00419nam a2200133 4500 |
| 020 ## - INTERNATIONAL STANDARD BOOK NUMBER | |
| International Standard Book Number | 9780979728013 |
| 100 ## - MAIN ENTRY--PERSONAL NAME | |
| Personal name | Rutherford, Paula. |
| 9 (RLIN) | 86708 |
| 245 ## - TITLE STATEMENT | |
| Title | Why didn't I learn this in school?: |
| Remainder of title | teaching and learning in the 21st century / |
| Statement of responsibility, etc | Paula Rutherford. |
| 250 ## - EDITION STATEMENT | |
| Edition statement | 2nd edition; |
| 260 ## - PUBLICATION, DISTRIBUTION, ETC. (IMPRINT) | |
| Place of publication, distribution, etc | Virginia: |
| Name of publisher, distributor, etc | Just ASK Publications; |
| Date of publication, distribution, etc | 2009. |
| 300 ## - PHYSICAL DESCRIPTION | |
| Extent | 322 p. |
| Dimensions | 27 cm. |
| 650 ## - SUBJECT ADDED ENTRY--TOPICAL TERM | |
| Topical term or geographic name as entry element | Teaching. |
| 9 (RLIN) | 3695 |
| 942 ## - ADDED ENTRY ELEMENTS (KOHA) | |
| Source of classification or shelving scheme | |
| Koha item type | Teacher's Resources |
| Withdrawn status | Lost status | Source of classification or shelving scheme | Damaged status | Not for loan | Collection code | Home library | Current library | Shelving location | Date acquired | Full call number | Barcode | Date last seen | Price effective from | Koha item type |
|---|---|---|---|---|---|---|---|---|---|---|---|---|---|---|
| TEACHERS' RESOURCES | Asian Hope Secondary Library | Asian Hope Secondary Library | SECONDARY | 10/02/2025 | 371 RUT | 208717 | 10/02/2025 | 10/02/2025 | Teacher's Resources |